| 000 | 01020cam a2200241 4500 | ||
|---|---|---|---|
| 001 | ABS64006 | ||
| 008 | 000000n2001 000 0 eng u | ||
| 035 | _a(Sirsi) u112872 | ||
| 100 | _aDollar, P | ||
| 245 | 2 | _aA problem shared | |
| 260 | _c2001 | ||
| 490 |
_aEstates Gazette _v(0120) 19 May 2001, 225(1) |
||
| 520 | _aPresents practical answers to three questions from property owners, unclear about their rights under the Landlord and Tenant Act 1987. Examines the implication of a property auction delay on section 5 notices, the definition of a 'building' for the purposes of the 1987 Act, and whether a landlord is bound to offer a new commercial lease to his qualifying residential tenants before giving the lease to a shop tenant. | ||
| 590 | _aABS | ||
| 650 | _aLANDLORD AND TENANT ACT 1987 | ||
| 650 | _aSECTION 5 NOTICES | ||
| 650 | _aBUILT ENVIRONMENT | ||
| 650 | _aSHOP LEASES | ||
| 650 | _aDEFINITION | ||
| 650 | _aPROPERTY OWNERS | ||
| 690 | _aPROPERTY-LANDLORD AND TENANT | ||
| 942 | _n0 | ||
| 999 |
_c67190 _d67190 |
||